Normal view
MARC view
- Edward H. Ohlson
Entry Personal Name
001 - CONTROL NUMBER
- control field: 9057
003 - CONTROL NUMBER IDENTIFIER
- control field: NUST
005 - DATE AND TIME OF LATEST TRANSACTION
- control field: 20180119104632.0
008 - FIXED-LENGTH DATA ELEMENTS
- fixed length control field: 180119|| aca||aabn | a|a d
040 ## - CATALOGING SOURCE
- Original cataloging agency: NUST
- Transcribing agency: NUST
100 ## - HEADING--PERSONAL NAME
- Personal name: Edward H. Ohlson
670 ## - SOURCE DATA FOUND
- Source citation: Work cat.: (NUST)300093: Higdon, Archie ; Edward H. Ohlson ; William B. Stiles 9056, Mechanics of Materials, 4th Ed, 1985
